LIBRARY & INFORMATION CENTRE, KCAET, TAVANUR

ONLINE PUBLIC ACCESS CATALOGUE (OPAC)

Na ratna / (Record no. 6554)

MARC details
000 -LEADER
fixed length control field 00461cam a2200193ua 4500
041 ## - LANGUAGE CODE
Language code of text/sound track or separate title hin
082 ## - DEWEY DECIMAL CLASSIFICATION NUMBER
Classification number 891.54
Item number SAR/NA
100 ## - MAIN ENTRY--AUTHOR NAME
Personal name Saraswathi Amma, K M .
245 ## - TITLE STATEMENT
Title Na ratna /
250 ## - EDITION STATEMENT
Edition statement 1 /
260 ## - PUBLICATION, DISTRIBUTION, ETC. (IMPRINT)
Place of publication Tiruvalla :
Name of publisher Saraswathi Prakshan ,
Year of publication 1967.
300 ## - PHYSICAL DESCRIPTION
Number of Pages 114 ; .
942 ## - ADDED ENTRY ELEMENTS (KOHA)
Koha item type Books
Holdings
Withdrawn status Lost status Damaged status Home library Current library Date acquired Full call number Accession Number Koha item type Public note
Withdrawn     KAUAET KAUAET 07/04/2012 891.54 11172 Books  
Withdrawn     KAUAET Sanskrit University 07/04/2012 891.54 8781 Books Transferred to Sanskrit University
free website counter